000 00502nam a22001817a 4500
999 _c525510
_d525510
003 NUST
020 _a-
038 _aZafar Malik
082 _a891.421
_bNAS
100 _aNasir, Maqsood Chaudhary
_916409
245 _aPunjab Day Look Geet \
_cMaqsood Nasir Chaudhary
260 _aLahore :
_bTaj Book Depot. ;
_c1995.
300 _a248 p. ;
500 _aPaperback
880 _6100-02\r
_aمقصود ناصر چودھری
880 _6245-02\r
_aپنجاب دے لوک گیت
942 _2ddc
_cBK